000
00325nam a2200145Ia 4500
100
_a
Wrangham/ D.A.
650
_a
Automobiles
942
_c
BK
654
_a
Heat engines
245
_a
Theory & Practice of heat engines
260
_b
Cambridge
_a
London
_c
1956
082
_a
621.4025
_b
WRA
546
_a
ENGLISH
999
_c
34636
_d
34636